000 00703nam a2200229Ii 4500
003 JO-AjNU
008 230605s9999||||xx |||||||||||||| ||und||
017 _a1993/4/429
040 _aJO-AjNU
_bara
_erda
_cJO-AjNU
041 _aara
050 1 4 _aDS36.K42 1993
100 3 _aالخياط، عبد العزيز,
_eauthor
_953143
245 0 0 _aظلال المجد
250 _aط2
264 3 1 _aعمان: دار البشير، 1993
300 _a127ص
336 _atext
_btxt
_2rdacontent
337 _aunmediated
_bn
_2rdamedia
338 _avolume
_bnc
_2rdacarrier
490 0 _aمن التاريخ الاسلامي
650 4 _aتاريخ العرب والاسلام - الاسلام
_953144
999 _aA23584
_c27152
_d27152